<?xml version="1.0" encoding="UTF-8"?>
<record
    xmlns:xsi="http://www.w3.org/2001/XMLSchema-instance"
    xsi:schemaLocation="http://www.loc.gov/MARC21/slim http://www.loc.gov/standards/marcxml/schema/MARC21slim.xsd"
    xmlns="http://www.loc.gov/MARC21/slim">

  <leader>00234cam a2200097ua 4500</leader>
  <controlfield tag="001">24999</controlfield>
  <controlfield tag="008">190926n        II  |||gr||||Z||||||eng</controlfield>
  <datafield tag="100" ind1=" " ind2=" ">
    <subfield code="a">VASISTHA, A.R.</subfield>
  </datafield>
  <datafield tag="245" ind1=" " ind2=" ">
    <subfield code="a">LINEAR ALGEBRA &amp; MATRICES</subfield>
  </datafield>
  <datafield tag="999" ind1=" " ind2=" ">
    <subfield code="c">28246</subfield>
    <subfield code="d">28246</subfield>
  </datafield>
</record>
